| 000 | 00729nam a22002297a 4500 | ||
|---|---|---|---|
| 003 | UA-OsUOA | ||
| 001 | 42884 | ||
| 007 | ta | ||
| 008 | 20061127b un ||||| |||| 00| 0 ukr d | ||
| 090 |
_a316+159.9+37 _bА43 |
||
| 942 | _cBK | ||
| 040 |
_aUA-OsUOA _bukr _cUA-OsUOA _dUA-OsUOA |
||
| 245 |
_aАктуальні проблеми соціології, психології та педагогіки _bМатеріали Всеукраїнської науково-практичної конференції |
||
| 300 | _a480 с. | ||
| 955 | _a1 | ||
| 041 | _aukr | ||
| 080 | _a316+159.9+37 | ||
| 020 | _a966-06-0426-2 | ||
| 260 |
_aК. _bЛибідь _c2006 |
||
| 650 | 7 |
_a159.9 Психологія _2UDC |
|
| 999 |
_c329014 _d329014 |
||